000 00872nam a2200205 i 4500
001 25410
003 ES-MaACL
005 20250904063040.0
007 t|
008 021226s1903 sp ||||1| spa d
080 _a582.091(089.3)
100 1 _aArmenteras, Andrés Avelino de,
_d1866-1926
_922957
245 1 0 _aArboles y montes
_b: curiosidades artísticas e históricas de los montes con la explicación de las más beneficiosas influencias del arbolado y de las más importantes nociones forestales /
_cpor Andrés Avelino de Armenteras ; con un prólogo de Francisco de Paula Arrillaga.
260 _aMadrid :
_bRicardo Rojas,
_c1903.
300 _aXX, 276 p. ;
_c19 cm.
650 4 _aÁrboles-
_vCuriosidades.
_9151004
700 1 _aArrillaga y de Garro, Francisco de Paula,
_d1846-1920
_9125722
852 _aES-MaACL
_jG-12082
999 _c25410
_d25410